| 000 | 01573cam a2200385 a 4500 | ||
|---|---|---|---|
| 001 | 2015757 | ||
| 003 | ScBUE | ||
| 005 | 20221214124706.0 | ||
| 008 | 910828t1992 nyuab f b 001 0 eng d | ||
| 020 | _a082304551X | ||
| 020 | _a9780823045518 | ||
| 040 |
_aDLC _beng _erda _cDLC _dDLC _dScBUE |
||
| 043 | _an-us--- | ||
| 082 | 0 | 4 |
_a728.3 _222 _bGOO |
| 100 | 1 |
_aGoodman, Raymond J., _eauthor. _911574 |
|
| 245 | 1 | 0 |
_aRetirement facilities : _bplanning, design, and marketing / _cRaymond J. Goodman, Jr., Ph.D. and Douglas G. Smith, A.S.I.D. |
| 264 | 1 |
_aNew York : _bWhitney Library of Design, _c[1992] |
|
| 264 | 4 | _cc1992 | |
| 300 |
_a192 pages : _billustrations (some color), maps (some color) ; _c29 cm |
||
| 336 |
_2rdacontent _atext _btxt |
||
| 337 |
_2rdamedia _aunmediated _bn |
||
| 338 |
_2rdacarrier _avolume _bnc |
||
| 504 | _aIncludes bibliographical references and index. | ||
| 650 | 7 |
_aOld age homes _zUnited States _xPlanning. _2BUEsh _911575 |
|
| 650 | 7 |
_aRetirement communities _zUnited States _xPlanning. _2BUEsh _911576 |
|
| 650 | 7 |
_aLife care communities _zUnited States _xPlanning. _2BUEsh _911577 |
|
| 650 | 7 |
_aOlder people _xDwellings _zUnited States _xPlanning. _2BUEsh _911578 |
|
| 650 | 7 |
_aOlder people _xDwellings _zUnited States _xMarketing. _2BUEsh _911579 |
|
| 653 | _bENGARC | ||
| 655 | _vReading book | ||
| 700 | 1 |
_aSmith, Douglas G., _d1952- _eauthor. _911580 |
|
| 730 | 0 |
_aRestaurant/hotel design international. _911581 |
|
| 942 |
_2ddc _cBB |
||
| 999 |
_c13436 _d13436 |
||